000 00631nam a2200217Ia 4500
005 20260429112023.0
008 260429s9999||||xx |||||||||||||| ||und||
020 _a9781032352022
041 _aEnglish
082 _a374.22
_bTUS
100 _aTushingham, Dave
245 0 _aEDU-book club :
_bmaking CPD resources work in the classroom /
_cDave Tushingham
250 _a1st ed.
260 _aNew York :
_bRoutledge,
_c2024.
300 _axii, 343 p.; pbk
650 _a Classroom resources
650 _a Teacher learning
650 _aContinuing professional development
700 _a Rainbow, Rhiannon
942 _cTB
999 _c51928
_d51928